[Event "Mersin op 6th"]
[Site "Mersin"]
[Date "2022.09.09"]
[Round "8"]
[White "Yarashov, Azat"]
[Black "Annaberdiyev, Babageldi"]
[Result "0-1"]
[WhiteElo "2239"]
[BlackElo "2168"]
[PlyCount "62"]
[EventDate "2022.09.04"]
[EventType "swiss"]
[EventRounds "9"]
[EventCountry "TUR"]
[SourceTitle "CBM 210 Extra"]
[Source "ChessBase"]
[SourceDate "2022.11.30"]
[SourceVersion "1"]
[SourceVersionDate "2022.11.30"]
[SourceQuality "1"]

1. c4 c5 2. Nc3 g6 3. g3 Bg7 4. Bg2 Nc6 5. a3 a5 6. e3 d6 7. Nge2 e5 8. 0-0 Nge7 9. Nd5 0-0 10. d3 Nxd5 11. cxd5 Ne7 12. d4 exd4 13. exd4 b6 14. Re1 Nf5 15. dxc5 bxc5 16. Rb1 Rb8 17. b4 axb4 18. axb4 Ba6 19. Ba3 Re8 20. Bf1 Bxe2 21. Rxe2 Rxe2 22. Bxe2 Bd4 23. Bd3 Ra8 24. Bb2 Bxb2 25. Rxb2 Qf6 26. Qb1 Nd4 27. bxc5 Nf3+ 28. Kh1 dxc5 29. Rb8+ Rxb8 30. Qxb8+ Kg7 31. Qb5 Qd4 0-1

[Event "Mersin op 6th"]
[Site "Mersin"]
[Date "2022.09.05"]
[Round "2"]
[White "Yarashov, Azat"]
[Black "Koksal, Ege"]
[Result "1/2-1/2"]
[WhiteElo "2239"]
[BlackElo "2331"]
[PlyCount "44"]
[EventDate "2022.09.04"]
[EventType "swiss"]
[EventRounds "9"]
[EventCountry "TUR"]
[SourceTitle "CBM 210 Extra"]
[Source "ChessBase"]
[SourceDate "2022.11.30"]
[SourceVersion "1"]
[SourceVersionDate "2022.11.30"]
[SourceQuality "1"]

1. e4 c5 2. Nc3 Nc6 3. f4 e6 4. Nf3 a6 5. a4 d5 6. d3 g6 7. Be2 Bg7 8. 0-0 Nge7 9. Qe1 0-0 10. Qh4 Nd4 11. Bd1 Nec6 12. Qg3 Nxf3+ 13. Bxf3 Nd4 14. Bd1 b6 15. Nb1 f5 16. c3 Nc6 17. Nd2 Bb7 18. Nf3 Ne7 19. e5 d4 20. c4 Qd7 21. b3 b5 22. Ba3 Rac8 1/2-1/2

[Event "Mersin op 6th"]
[Site "Mersin"]
[Date "2022.09.04"]
[Round "1"]
[White "Ebrahimi Herab, Hamidreza"]
[Black "Yarashov, Azat"]
[Result "1/2-1/2"]
[WhiteElo "2056"]
[BlackElo "2239"]
[PlyCount "87"]
[EventDate "2022.09.04"]
[EventType "swiss"]
[EventRounds "9"]
[EventCountry "TUR"]
[SourceTitle "CBM 210 Extra"]
[Source "ChessBase"]
[SourceDate "2022.11.30"]
[SourceVersion "1"]
[SourceVersionDate "2022.11.30"]
[SourceQuality "1"]

1. d4 Nf6 2. c4 g6 3. Nc3 d5 4. Nf3 Bg7 5. Qb3 dxc4 6. Qxc4 0-0 7. e4 Bg4 8. Be3 Nc6 9. d5 Na5 10. Qb4 Bxf3 11. gxf3 c6 12. Rd1 b6 13. dxc6 Nxc6 14. Qa4 Qc7 15. Bb5 Ne5 16. f4 a6 17. fxe5 axb5 18. Qxb5 Ng4 19. Bxb6 Qxe5 20. Qxe5 Nxe5 21. b3 Nf3+ 22. Ke2 Bxc3 23. Kxf3 Rxa2 24. Rd3 Rc2 25. Bc5 f5 26. Be3 Rb8 27. Rc1 Rxc1 28. Bxc1 Be5 29. h3 Kf7 30. Be3 Rb5 31. Rd5 Rxd5 32. exd5 e6 33. dxe6+ Kxe6 34. Bf4 Bf6 35. Bh6 Kd5 36. Ke3 Bd4+ 37. Ke2 Bf6 38. Kd3 g5 39. f3 Kc5 40. Kc2 Kd4 41. Kd2 Kc5 42. Kd3 Kb4 43. Kc2 Kc5 44. Bf8+ 1/2-1/2

[Event "Kirsehir Ahilik op"]
[Site "Kirsehir"]
[Date "2021.09.17"]
[Round "8"]
[White "Garayev, Sadig"]
[Black "Yarashov, Azat"]
[Result "1-0"]
[WhiteElo "2064"]
[BlackElo "2202"]
[PlyCount "87"]
[EventDate "2021.09.13"]
[EventType "swiss"]
[EventRounds "9"]
[EventCountry "TUR"]
[SourceTitle "CBM 204 Extra"]
[Source "ChessBase"]
[SourceDate "2021.11.30"]
[SourceVersion "1"]
[SourceVersionDate "2021.11.30"]
[SourceQuality "1"]

1. e4 g6 2. d4 Bg7 3. Nf3 d6 4. Nc3 a6 5. a4 Bg4 6. Bc4 e6 7. d5 e5 8. h3 Bc8 9. Bg5 Ne7 10. h4 Bg4 11. Qd3 h6 12. Bd2 f5 13. Nh2 Bh5 14. Ne2 Bxe2 15. Qxe2 fxe4 16. h5 Nd7 17. Ng4 b5 18. Ba2 g5 19. a5 Nf5 20. Qxe4 0-0 21. b4 Qc8 22. Rh3 Nf6 23. Nxf6+ Rxf6 24. Rf3 Qd7 25. c3 Raf8 26. Bb1 R8f7 27. Qg4 Nh4 28. Qxd7 Nxf3+ 29. gxf3 Rxd7 30. Be4 Rdf7 31. Be3 Rxf3 32. Bxf3 Rxf3 33. Ke2 Rf8 34. Rc1 Rb8 35. Kd3 Kf7 36. c4 bxc4+ 37. Rxc4 Rb7 38. Bd2 Ke7 39. Rc6 Ra7 40. Be3 Rb7 41. Kc4 e4 42. Rxa6 Be5 43. Ra8 Bf4 44. a6 1-0

[Event "Kirsehir Ahilik op"]
[Site "Kirsehir"]
[Date "2021.09.14"]
[Round "2"]
[White "Yarashov, Azat"]
[Black "Yasin, Hur"]
[Result "1-0"]
[WhiteElo "2202"]
[BlackElo "1915"]
[PlyCount "137"]
[EventDate "2021.09.13"]
[EventType "swiss"]
[EventRounds "9"]
[EventCountry "TUR"]
[SourceTitle "CBM 204 Extra"]
[Source "ChessBase"]
[SourceDate "2021.11.30"]
[SourceVersion "1"]
[SourceVersionDate "2021.11.30"]
[SourceQuality "1"]

1. e4 e6 2. c4 c5 3. Nf3 Nc6 4. Nc3 e5 5. d3 d6 6. h3 Be7 7. Be2 Be6 8. a3 Nf6 9. 0-0 0-0 10. Rb1 a5 11. Ne1 Nd7 12. Bg4 Nd4 13. Nc2 g6 14. Bh6 Re8 15. Bxe6 fxe6 16. Nxd4 exd4 17. Nb5 Ne5 18. Bf4 Nf7 19. Qg4 Bf6 20. Qg3 Ra6 21. Qh2 e5 22. Bd2 g5 23. Qg3 Kh8 24. Qg4 Qe7 25. g3 Rg8 26. Kg2 Nd8 27. Qf5 Ne6 28. Qf3 Rg6 29. Kh1 Ra8 30. Qh5 b6 31. Rg1 Rag8 32. Rg2 Ng7 33. Qe2 Qd7 34. Qg4 Qe7 35. Qe2 h5 36. Kg1 Kh7 37. Kf1 Qd7 38. Rh2 Rf8 39. Ke1 Bd8 40. Kd1 Kg8 41. Kc2 g4 42. hxg4 hxg4 43. Rbh1 Rf3 44. Rh8+ Kf7 45. R1h6 Be7 46. R6h7 Bf8 47. Be1 Ke8 48. Qd2 Qf7 49. Rh6 Rff6 50. R6h7 Kd7 51. Kb1 Kc6 52. Ka2 Rf3 53. Rh6 Rxh6 54. Rxh6 Ne6 55. Rh4 Qg7 56. Qd1 Be7 57. Rh2 Kb7 58. b4 axb4 59. Qa4 Rxd3 60. Qa7+ Kc6 61. axb4 Bd8 62. Nxd4+ cxd4 63. b5+ Kc5 64. Qa4 Rc3 65. Bxc3 dxc3 66. Kb3 Kd4 67. c5+ Kd3 68. Qc4+ Kd2 69. Qxc3+ 1-0

[Event "Ankara Ipek Memorial 8th"]
[Site "Ankara"]
[Date "2020.03.07"]
[Round "3"]
[White "Firat, Mehmet Bugra"]
[Black "Yarashov, Azat"]
[Result "0-1"]
[WhiteElo "1601"]
[BlackElo "2218"]
[PlyCount "70"]
[EventDate "2020.03.04"]
[EventType "swiss"]
[EventRounds "7"]
[EventCountry "TUR"]
[SourceTitle "CBM 195 Extra"]
[Source "ChessBase"]
[SourceDate "2020.05.31"]
[SourceVersion "1"]
[SourceVersionDate "2020.05.31"]
[SourceQuality "1"]

1. e4 g6 2. d4 Bg7 3. Nf3 d6 4. Nc3 a6 5. Be3 b5 6. Bd3 Bb7 7. Ne2 Nd7 8. Ng3 Ngf6 9. h3 e5 10. c3 0-0 11. 0-0 exd4 12. cxd4 Re8 13. Nd2 c5 14. Re1 h5 15. Bf4 h4 16. Ngf1 Nh5 17. Bxd6 Bxd4 18. Nf3 Bxb2 19. N1h2 Qf6 20. e5 Bxf3 21. Nxf3 Nxe5 22. Bxe5 Bxe5 23. Nxe5 Rxe5 24. Rxe5 Qxe5 25. Bf1 c4 26. a4 Rc8 27. axb5 axb5 28. Rb1 Nf6 29. Qf3 Kg7 30. Qb7 Rc5 31. Qa7 Rd5 32. Qb7 c3 33. Rc1 Qd4 34. Bxb5 Qd2 35. Rf1 c2 0-1

[Event "Ankara Ipek Memorial 8th"]
[Site "Ankara"]
[Date "2020.03.04"]
[Round "1"]
[White "Lacin, Tuna"]
[Black "Yarashov, Azat"]
[Result "0-1"]
[WhiteElo "1324"]
[BlackElo "2218"]
[PlyCount "42"]
[EventDate "2020.03.04"]
[EventType "swiss"]
[EventRounds "7"]
[EventCountry "TUR"]
[SourceTitle "CBM 195 Extra"]
[Source "ChessBase"]
[SourceDate "2020.05.31"]
[SourceVersion "1"]
[SourceVersionDate "2020.05.31"]
[SourceQuality "1"]

1. d4 Nf6 2. c4 e5 3. dxe5 Ng4 4. Nf3 Bc5 5. e3 Nc6 6. Nc3 Ngxe5 7. b3 0-0 8. Be2 Nxf3+ 9. Bxf3 Ne5 10. 0-0 d6 11. Bb2 a5 12. Qe2 Qh4 13. h3 Bf5 14. Rad1 Rae8 15. Na4 Ba7 16. Bxe5 Rxe5 17. Bxb7 Bxh3 18. Bf3 Rfe8 19. Rfe1 Rg5 20. Nc3 Re6 21. Nd5 Bxg2 0-1

[Event "Istanbul op"]
[Site "Istanbul"]
[Date "2019.08.31"]
[Round "7"]
[White "Ozbay, Ece"]
[Black "Yarashov, Azat"]
[Result "0-1"]
[WhiteElo "2125"]
[BlackElo "2156"]
[PlyCount "114"]
[EventDate "2019.08.26"]
[EventType "swiss"]
[EventRounds "9"]
[EventCountry "TUR"]
[SourceTitle "EXT 2020"]
[Source "ChessBase"]
[SourceDate "2019.10.17"]
[SourceVersion "1"]
[SourceVersionDate "2019.10.17"]
[SourceQuality "1"]

1. e4 d5 2. exd5 Nf6 3. d4 Nxd5 4. Nf3 g6 5. Be2 Bg7 6. 0-0 0-0 7. c4 Nb6 8. h3 Bf5 9. Nc3 Nc6 10. Be3 e5 11. d5 Ne7 12. Qb3 Bc8 13. Rfd1 Nd7 14. c5 c6 15. dxc6 bxc6 16. Bc4 Nf5 17. Ne4 Nxe3 18. Qxe3 Qe7 19. Nd6 h6 20. Rd2 a5 21. Rad1 Nf6 22. Nxe5 Nd5 23. Nxc6 Qxe3 24. fxe3 Nxe3 25. Ne7+ Kh7 26. Bxf7 Rxf7 27. Nxf7 Nxd1 28. Rxd1 Bf8 29. Nxc8 Bxc5+ 30. Kh1 Rxc8 31. Rd7 Rb8 32. b3 Kg7 33. Ne5+ Kf6 34. Nc6 Rc8 35. Nxa5 Ra8 36. Nb7 Ba3 37. Rc7 Re8 38. Rc6+ Kg5 39. Rc2 h5 40. g3 h4 41. Kg2 Re3 42. gxh4+ Kxh4 43. Rc4+ Kg5 44. Rc2 Kh4 45. Rc4+ Kg5 46. Ra4 Be7 47. b4 Re4 48. a3 Kf4 49. Ra6 Re2+ 50. Kf1 Kf3 51. Rc6 Re3 52. Rc2 Bh4 53. Rc1 Rxa3 54. Nc5 Bg5 55. Rb1 Be3 56. Nb3 Ra2 57. Nc1 Rg2 0-1

[Event "Sivas op 1st"]
[Site "Sivas"]
[Date "2019.08.24"]
[Round "9"]
[White "Gasimov, Parviz"]
[Black "Yarashov, Azat"]
[Result "0-1"]
[WhiteElo "2342"]
[BlackElo "2156"]
[PlyCount "78"]
[EventDate "2019.08.19"]
[EventType "swiss"]
[EventRounds "9"]
[EventCountry "TUR"]
[SourceTitle "EXT 2020"]
[Source "ChessBase"]
[SourceDate "2019.10.17"]
[SourceVersion "1"]
[SourceVersionDate "2019.10.17"]
[SourceQuality "1"]

1. e4 c5 2. Nf3 d6 3. d4 cxd4 4. Qxd4 Nc6 5. Bb5 Bd7 6. Bxc6 Bxc6 7. Nc3 Nf6 8. Bg5 e6 9. 0-0-0 Be7 10. Rhe1 Qc7 11. Qd2 h6 12. Bxf6 gxf6 13. Nd4 0-0-0 14. Qe3 Qa5 15. f4 Kb8 16. Kb1 Bd7 17. f5 Rc8 18. Nce2 h5 19. g3 Bf8 20. Qd3 Qb6 21. Rf1 Be7 22. Nf4 e5 23. Nd5 Qd8 24. Nb5 Bf8 25. Na3 Rg8 26. Qf3 Rh8 27. Qb3 Bc6 28. Rf3 h4 29. g4 Bh6 30. Rfd3 Bg5 31. Qb4 h3 32. Nc4 Bxd5 33. Rxd5 Qc7 34. b3 Bf4 35. R5d3 Qc5 36. Qe1 Bxh2 37. Qf1 Bf4 38. Rd5 Qc6 39. Rxd6 Qxe4 0-1

[Event "Sivas op 1st"]
[Site "Sivas"]
[Date "2019.08.23"]
[Round "8"]
[White "Yarashov, Azat"]
[Black "Annaberdiyev, Babageldi"]
[Result "1-0"]
[WhiteElo "2156"]
[BlackElo "2242"]
[PlyCount "97"]
[EventDate "2019.08.19"]
[EventType "swiss"]
[EventRounds "9"]
[EventCountry "TUR"]
[SourceTitle "EXT 2020"]
[Source "ChessBase"]
[SourceDate "2019.10.17"]
[SourceVersion "1"]
[SourceVersionDate "2019.10.17"]
[SourceQuality "1"]

1. e4 c5 2. Nc3 Nc6 3. d3 a6 4. g3 b5 5. Bg2 Bb7 6. Be3 e6 7. Nge2 Nf6 8. h3 Qc7 9. 0-0 Be7 10. a3 Rd8 11. g4 h6 12. Ng3 d5 13. exd5 exd5 14. Nce2 Bc8 15. d4 h5 16. g5 Ne4 17. Nxe4 dxe4 18. d5 Ne5 19. Ng3 Bxh3 20. Bxh3 Nf3+ 21. Kg2 h4 22. Nxe4 Qh2+ 23. Kxf3 Qxh3+ 24. Ke2 Qf5 25. f3 Rxd5 26. Qe1 h3 27. Rd1 h2 28. Rxd5 Qxd5 29. Rh1 Qe5 30. c3 Qd5 31. Qd2 Qe6 32. Kf1 f5 33. gxf6 gxf6 34. Rxh2 Rxh2 35. Qxh2 f5 36. Qb8+ Bd8 37. Bg5 fxe4 38. Qxd8+ Kf7 39. Qe7+ Qxe7 40. Bxe7 Kxe7 41. fxe4 Kf6 42. Ke2 a5 43. Ke3 Ke5 44. Kf3 b4 45. Ke3 b3 46. Kf3 a4 47. Ke3 Kf6 48. Kf4 Ke6 49. c4 1-0

[Event "Sivas op 1st"]
[Site "Sivas"]
[Date "2019.08.22"]
[Round "7"]
[White "Darban Vaighani, Morteza"]
[Black "Yarashov, Azat"]
[Result "1-0"]
[WhiteElo "2280"]
[BlackElo "2156"]
[PlyCount "85"]
[EventDate "2019.08.19"]
[EventType "swiss"]
[EventRounds "9"]
[EventCountry "TUR"]
[SourceTitle "EXT 2020"]
[Source "ChessBase"]
[SourceDate "2019.10.17"]
[SourceVersion "1"]
[SourceVersionDate "2019.10.17"]
[SourceQuality "1"]

1. e4 g6 2. d4 Bg7 3. Nf3 c6 4. h3 d6 5. Bd3 Nd7 6. 0-0 Qc7 7. Qe2 e5 8. dxe5 dxe5 9. b3 Ne7 10. a4 0-0 11. Ba3 Nf6 12. Nbd2 Nh5 13. Nc4 Rd8 14. Rfd1 h6 15. Qe3 b5 16. Nb2 bxa4 17. Nxa4 g5 18. Be2 Nf4 19. Rxd8+ Qxd8 20. Rd1 Qe8 21. Bf1 Neg6 22. Bc5 g4 23. hxg4 Bxg4 24. Rd2 h5 25. Ne1 Bh6 26. Qc3 Kh7 27. Be3 h4 28. Nb2 Qe6 29. Nc4 Qf6 30. Kh2 Rg8 31. Rd6 Ne6 32. Bxh6 Kxh6 33. Ne3 Bh5 34. Nf5+ Kh7 35. Qe3 Ngf4 36. Rxc6 Bg4 37. Ra6 Bxf5 38. exf5 Qxf5 39. Nd3 Ng6 40. Ra5 Ng5 41. Nxe5 h3 42. Bd3 Ne4 43. Bxe4 1-0

[Event "Sivas op 1st"]
[Site "Sivas"]
[Date "2019.08.20"]
[Round "2"]
[White "Yarashov, Azat"]
[Black "Sevdimaliyev, Urfan"]
[Result "1/2-1/2"]
[WhiteElo "2156"]
[BlackElo "2348"]
[PlyCount "45"]
[EventDate "2019.08.19"]
[EventType "swiss"]
[EventRounds "9"]
[EventCountry "TUR"]
[SourceTitle "EXT 2020"]
[Source "ChessBase"]
[SourceDate "2019.10.17"]
[SourceVersion "1"]
[SourceVersionDate "2019.10.17"]
[SourceQuality "1"]

1. Nf3 Nf6 2. g3 g6 3. Bg2 d5 4. 0-0 Bg7 5. c4 0-0 6. cxd5 Nxd5 7. Nc3 Nc6 8. a3 a5 9. d4 Nb6 10. d5 Ne5 11. Nxe5 Bxe5 12. Bh6 Re8 13. Rc1 Rb8 14. Qb3 e6 15. Rfd1 exd5 16. Nxd5 Nxd5 17. Bxd5 Qf6 18. Bg5 Qg7 19. Bh6 Qf6 20. Bg5 Qg7 21. Bh6 Qf6 22. Bg5 Qg7 23. Bh6 1/2-1/2